Most Populous Animal by Type - Statistics

General Stats
  • This quiz has been taken 27 times
  • The average score is 5 of 14
Answer Stats
Hint Answer % Correct
Rodent Rat
80%
Livestock Pig
72%
Amphibian Frog
68%
Big Cat Lion
64%
Bird Chicken
44%
Primeape Monkey
32%
Wild Canine Fox
28%
Mammal Humans
28%
Animal Ants
24%
Virus Common Cold
12%
Dog French Bulldog
4%
Cow Brahman
0%
Fish Bristlemouths
0%
Cat Ragdoll
0%
No matching quizzes found
Score Distribution
Percent of People with Each Score
Percentile by Number Answered
Your Score History
You have not taken this quiz